Predchádzanie vzniku chýb pri zbezpečovaní kvality produktov a procesov

Prevencia pred vznikom chýb v procese výroby produktov, ale aj pri produktov samotných, je v súčasnosti bežne používaný postupom orientovaným na zabezpečovanie kvality výrobných, ale aj služby zabezpečujúcich podnikov. Metóda FMEA (Failure Mode and Effect Analysis) svojou jednoduchosťou a univerzáln...

Ausführliche Beschreibung

Gespeichert in:
Bibliographische Detailangaben
1. Verfasser: Turisová, Renáta
Format: Buchkapitel
Sprache:Slowakisch
Schlagworte:
Tags: Tag hinzufügen
Keine Tags, Fügen Sie das erste Tag hinzu!

MARC

LEADER 00000nla a2200000 4500
001 0226753
005 20240417075110.8
041 0 |a slo 
044 |a SK 
245 1 0 |a Predchádzanie vzniku chýb pri zbezpečovaní kvality produktov a procesov  |c Renáta Turisová 
520 |a Prevencia pred vznikom chýb v procese výroby produktov, ale aj pri produktov samotných, je v súčasnosti bežne používaný postupom orientovaným na zabezpečovanie kvality výrobných, ale aj služby zabezpečujúcich podnikov. Metóda FMEA (Failure Mode and Effect Analysis) svojou jednoduchosťou a univerzálnosťou sa stala najčastejšie používanou metódou zameranou na predikciu chýb. Na druhej strane pri implementácii predmetnej metódy v praxi existujú rôzne faktory, ktoré negatívnym spôsobom ovplyvňujú vierohodnosť, presnosť, ale aj použiteľnosť metódy FMEA pri konkrétnom zlepšovaní kvality. 
610 2 0 |a kvalita výrobkov 
610 2 0 |a výroba 
610 2 0 |a história 
610 2 0 |a normy kvality 
610 2 0 |a normy materiálové 
610 2 0 |a normy medzinárodné 
100 1 |a Turisová, Renáta